000
00294nam a2200121 a 4500
005
20140412111327.0
008
100730s19uu xx 00 eng d
050
_a
ER
_b
Qu4 1993
100
_a
Murphy, Jill
245
_a
A quiet night in.
260
_a
LOndon :
_b
Walker,
_c
1993.
999
_c
104700
_d
104700